LaLiga - Prawda czy Fałsz - Statystyki

Ogólne statystyki
  • Ten quiz został rozwiązany 289 razy
  • Średni wynik to 8 z 15
Statystyki odpowiedzi
Zagadnienie Odpowiedź % Poprawnych
Najwięcej razy wygrał ją Real Madryt Prawda
91%
Robert Lewandowski jest Polakiem który wystąpił z Polaków najwięcej w XXI wieku. Prawda
82%
Real Madryt i Athletic Bilbao nigdy nie spadły z ligi Prawda
78%
Pierwszym zwycięzcą jest Real Madryt Fałsz
60%
Najwięcej goli posiada w historii Cristiano Ronaldo Fałsz
60%
Najwięcej czystych kont w sezonie 23/24 posiadał Unai Simón Prawda
60%
Sergio Ramos ma więcej meczów niż Messi w LaLiga Fałsz
52%
Messi był ponad dwukrotnie więcej królem strzelców LaLiga niż Cristiano Ronaldo Prawda
48%
królem strzelców w sezonie 23/24 został Robert Lewandowski Fałsz
47%
Co najmniej 10 klubów było mistrzem LaLiga Fałsz
46%
Joaquín jest zawodnikiem posiadającym najwięcej występów Prawda
40%
Villarreal chodź raz wygrał LaLigę Fałsz
37%
Polakiem posiadającym najwięcej występów jest Jan Urban Prawda
33%
Sponsorem tytularnym jest Santander Fałsz
24%
Posiada ponad 100 lat Fałsz
21%
Nie znaleziono quizów pasujących do podanych kryteriów
Rozkład punktacji
Procent ludzi z każdym wynikiem
Percentyl według liczby udzielonych odpowiedzi
Twoja historia wyników
Nie rozwiązałeś tego quizu